| 000 | 00580nam a22001457a 4500 | ||
|---|---|---|---|
| 003 | 0 | ||
| 005 | 20221006124844.0 | ||
| 008 | 221006b xxu||||| |||| 00| 0 eng d | ||
| 050 |
_aTX355 _b.T65 2022 |
||
| 245 |
_aFactors affecting the consumer preference in the selection of food delivery partners of selected household residing in aristo crat vollage -talon 3 Las Pinas City _cMaureen Christian Tolentino |
||
| 260 |
_aLas Pinas City _bSouthville International and Colleges _cC2022 |
||
| 300 |
_axi,120pp. _c28cm. _fTheses |
||
| 500 | _aSelection of food delivery. | ||
| 942 |
_2lcc _cTH |
||
| 999 |
_c364833 _d364833 |
||